[Event "XXVIII Magistral Elgoibar 2018"]
[Site "Elgoibar"]
[Date "2018.12.18"]
[Round "9"]
[White "Ambartsumova, Karina"]
[Black "Strikovic, Aleksa"]
[Result "1/2-1/2"]
[WhiteElo "2383"]
[BlackElo "2488"]
[Annotator "TA"]
[PlyCount "39"]
[EventDate "2018.12.12"]
[EventType "tourn"]
[EventCountry "ESP"]
[SourceTitle "playchess.com"]
[Source "ChessBase"]
[SourceQuality "1"]

{[%evp 20,21,29,30]} 1. e4 e5 2. Nf3 Nc6 3. Bb5 a6 4. Ba4 Nf6 5. O-O Be7 6. Re1 b5 7. Bb3 O-O 8. h3 d6 9. c3 Na5 10. Bc2 c5 11. d4 {LiveBook: 6683 Games} {Predecessor:} Nd7 $146 12. d5 Nb6 13. Nbd2 Bd7 14. Nf1 Nb7 15. b3 a5 16. Rb1 c4 17. bxc4 Nxc4 18. a4 Qc7 19. axb5 Nb6 20. Be3 {0-1 (58) Hou,Y (2680)-Caruana,F (2811) Wijk aan Zee 2018} 1/2-1/2

[Event "XXVIII Magistral Elgoibar 2018"]
[Site "Elgoibar"]
[Date "2018.12.18"]
[Round "9"]
[White "Martinez Fernandez, Adrian"]
[Black "Napoli, Nicolo"]
[Result "1-0"]
[WhiteElo "2212"]
[BlackElo "2289"]
[Annotator "TA"]
[PlyCount "113"]
[EventDate "2018.12.12"]
[EventType "tourn"]
[EventCountry "ESP"]
[SourceTitle "playchess.com"]
[Source "ChessBase"]
[SourceQuality "1"]

{[%evp 14,113,53,31,83,81,108,0,102,108,97,16,20,0,20,-4,26,-141,-135,-141,-143,-143,-143,-143,-141,-141,-143,-140,-133,-160,-158,-158,-154,-175,-150,-156,-155,-156,-170,-168,-168,-157,-162,-205,-204,-228,-236,-239,-233,-218,-112,-149,-146,-189,-87,-208,-179,-158,-172,-158,-129,-139,-139,-139,-117,-216,-231,-227,-223,-198,-119,-119,-119,-119,-24,-247,-247,-237,-164,-161,-24,-149,-24,-24,-12,-12,-12,-24,0,-12,0,-24,-24,-24,-24,-24,-24,-24,-24,-24,29984,29983]} 1. e4 c6 2. d4 d5 3. Nc3 dxe4 4. Nxe4 Nf6 5. Nxf6+ gxf6 6. c3 Bf5 7. Ne2 h5 8. h4 {LiveBook: 9 Games. B16: Caro-Kann: Bronstein-Larsen Variation} e6 ({Black should try} 8... Bg4 $14) (8... Nd7 9. Nf4 e5 10. dxe5 fxe5 11. Nxh5 Bg6 12. Be2 Be7 13. Be3 Nb6 14. Qxd8+ Rxd8 15. Bxb6 axb6 {½-½ (31) Nurkiewicz,M (2378)-Jakubiec,A (2515) Poland 2016}) 9. Nf4 $16 Bg4 10. Qb3 $146 ({Better is} 10. f3 $16 Bf5 11. Nxh5) ({Predecessor:} 10. f3 Bf5 11. Nxh5 Rxh5 12. g4 Bxg4 13. fxg4 Qd5 14. Rh3 {1-0 (39) Shirazi,K (2390)-Chernin,O (2265) New York 1991}) 10... Qb6 (10... Qc7 $1 $11) 11. Qxb6 axb6 {[%cal Ba7b6,Bb6b5][%mdl 32]} 12. Bd3 (12. f3 $16 Bf5 13. Nxh5) 12... e5 $11 {[%cal Be6e5,Be5e4][%mdl 32]} 13. Ne2 Nd7 14. Be3 Bd6 15. O-O $2 {[#]} (15. a4 $11) 15... e4 $1 $17 {[%cal Re4d3][%mdl 512]} 16. Bc4 (16. Bxe4 Bxe2) 16... b5 $36 {[%mdl 2048] Black is on the roll.} 17. f3 exf3 ({But not} 17... bxc4 $6 18. fxg4 hxg4 19. Bf4 $11) 18. gxf3 Bh3 19. Bb3 Bxf1 20. Rxf1 Nb6 21. Bf4 Bxf4 22. Nxf4 Nc4 23. Rf2 Kd7 24. a4 Kd6 25. Kh2 Rae8 26. axb5 cxb5 27. Nd3 b6 28. Bc2 Re3 29. Kg3 Rhe8 30. Nf4 Rg8+ ({Resist} 30... Nxb2 31. Nxh5 Nd3 32. Bxd3) 31. Kh2 Rh8 (31... Nxb2 $19 32. Nxh5 Rh8) 32. Be4 Re1 33. Bd5 {[#]} Rb1 (33... Rf8 $1 $19 34. Nd3 Ra1) 34. b4 (34. Re2 $17 {was necessary.}) 34... Rb2 35. Rxb2 Nxb2 36. Bxf7 $19 {[%mdl 4096] Endgame KRN-KBN} Na4 37. c4 bxc4 38. Bxc4 Nc3 39. Bf7 (39. Kg3 $17 {is a better defense.}) 39... Nb5 40. d5 Nc7 41. Kg3 Rh7 (41... b5 $19 42. Bxh5 Na6) 42. Bxh5 $17 Nxd5 43. Nxd5 Kxd5 {KR-KB} (43... Rxh5 $17 44. Nxf6 Rb5) 44. Be8 $2 (44. Bg6 $1 $11 {and White is okay.} Rc7 45. h5) 44... Ke5 $19 45. f4+ Kf5 {...Rg7+ is the strong threat.} 46. h5 {Threatens to win with Bg6+.} Ke6 (46... Ra7 $19 47. Bg6+ Ke6) 47. Bg6 (47. Kg4 $1 $11) 47... Rh8 ({Black should play} 47... Rd7 $17 {Threatening ...f5.} 48. h6 Rd1 49. f5+ Ke5) 48. Kg4 $1 $11 b5 49. Bd3 Rg8+ 50. Bg6 Rh8 51. Bd3 Rg8+ 52. Bg6 Ke7 53. Kf5 Rh8 54. Ke4 Rc8 55. h6 {[%cal Bh5h6,Bh6h7][%mdl 32]} Rc4+ 56. Kf5 {Hoping for h7.} Rxb4 $2 {[%mdl 8192]} (56... Kf8 $11) 57. h7 {Accuracy: White = 46%, Black = 37%.} 1-0